000
003160000a22001450004500
003
MACL
040
_a
MACL
090
_c
32575
_d
32573
100
_a
Kumar, Sajit
245
_a
Public Administration
260
_b
Trueman Book co.
_c
2003
350
_a
200
650
_a
Public Administration
942
_c
BOOK
_k
351/Tru
999
_c
32242
_d
32242